Capitals of Muslim-Majority caountries - Statistics

General Stats
  • This quiz has been taken 15 times
  • The average score is 33 of 42
Answer Stats
% Hint Answer % Correct
99% Algeria Algiers
100%
97% Jordan Amman
100%
99% Turkey Ankara
100%
90% Egypt Cairo
100%
100% Saudi Arabia Riyadh
100%
59% Albania Tirana
100%
99% Tunisia Tunis
100%
76% United Arab Emirates Abu Dhabi
93%
99% Iraq Baghdad
93%
90% Syria Damascus
93%
96% Pakistan Islamabad
93%
87% Indonesia Jakarta
93%
96% Kosovo Pristina
93%
99% Morocco Rabat
93%
99% Yemen Sana'a
93%
51% Bosnia & Herzegovina Sarajevo
93%
99% Iran Tehran
93%
70% Kazakhstan Astana
86%
96% Azerbaijan Baku
86%
91% Bangladesh Dhaka
86%
94% Djibouti Djibouti
86%
99% Afghanistan Kabul
86%
91% Sudan Khartoum
86%
97% Libya Tripoli
86%
96% Uzbekistan Tashkent
79%
93% Turkmenistan Ashgabat
71%
88% Kyrgystan Bishkek
71%
98% Tajikistan Dushanbe
71%
99% Somalia Mogadishu
71%
97% Senegal Dakar
64%
78% Sierra Leone Freetown
64%
100% Maldives Malé
64%
58% Chad N'Djamena
64%
65% Burkina Faso Ouagadougou
64%
53% Nigeria Abuja
57%
95% Mali Bamako
57%
98% Comoros Moroni
57%
99% Niger Niamey
57%
100% Mauritania Nouakchott
57%
95% Gambia Banjul
50%
63% Malaysia Kuala Lampur
7%
80% Brunei Bandar Seri Bagwan
0%
No matching quizzes found
Score Distribution
Percent of People with Each Score
Percentile by Number Answered
Your Score History
You have not taken this quiz